|
|
|
|
| LEADER |
01066nam a2200265 a 4500 |
| 001 |
4920167 |
| 008 |
090727s2001 enk d 000 0 eng d |
| 010 |
|
|
|a 94240542
|
| 020 |
|
|
|a 0140514902
|
| 040 |
|
|
|a DLC
|c DLC
|
| 082 |
0 |
0 |
|a 909.8
|2 21
|
| 100 |
1 |
|
|a Townson, Duncan.
|
| 245 |
1 |
4 |
|a The new Penguin dictionary of modern history, 1789-1945 /
|c Duncan Townson.
|
| 250 |
|
|
|a 2nd ed.
|
| 260 |
|
|
|a London, England ;
|a New York, N.Y., USA :
|b Penguin Books,
|c 2001.
|
| 300 |
|
|
|a 621 p. ;
|c 20 cm.
|
| 490 |
1 |
|
|a Penguin reference
|
| 500 |
|
|
|a Rev. ed. of: The Penguin dictionary of modern history, 1789-1945 / Alan Palmer. 1983.
|
| 541 |
1 |
|
|e 00014365
|
| 650 |
|
0 |
|a History, Modern
|x Dictionaries.
|
| 700 |
1 |
|
|a Palmer, Alan Warwick.
|t Penguin dictionary of modern history, 1789-1945.
|
| 830 |
|
0 |
|a Penguin reference books.
|
| 852 |
4 |
|
|a Ayesha Abed Library
|j General Shelf.
|
| 999 |
|
|
|c 2902
|d 2902
|
| 952 |
|
|
|0 0
|1 4
|2 ddc
|4 0
|6 909_800000000000000_TOW
|7 0
|9 2636
|a BRACUL
|b BRACUL
|c GEN
|d 2006-02-20
|g 996.00
|l 0
|o 909.8 TOW
|p 3010014365
|r 2009-07-27
|t 1
|w 2009-07-27
|y BK
|x Koha Inventory 2020
|